[Event "Druzynowe Mistrzostwa Polski Juniorow 2018 - II Liga"]
[Site "Szczyrk"]
[Date "1899-12-30"]
[Round "1.1"]
[White "Burdzicki, Jan"]
[Black "Karpus, Michal"]
[Result "0-1"]
[WhiteTitle "II+"]
[BlackTitle "FM"]
[WhiteElo "1613"]
[BlackElo "2364"]

1. d4 Nf6 2. Bf4 d5 3. e3 e6 4. c3 Bd6 5. Bg3 c5 6. Nd2 Nc6 7. Ngf3 O-O 8. Ne5
Qc7 9. f4 Ne7 10. Bh4 Ne4 11. Bxe7 Bxe7 12. Bd3 Nd6 13. Qh5 g6 14. Nxg6 fxg6 15.
Bxg6 Bf6 16. dxc5 hxg6 17. Qxg6+ Bg7 18. cxd6 Qb6 19. O-O-O Bd7 20. Qg3 Rac8 21.
Nb1 Qxd6 22. h4 Kh8 23. Rd2 b5 24. Kd1 b4 25. cxb4 Qxb4 26. b3 Bb5 27. Qf2 a5
28. Rc2 Bd3 29. Rc1 Rxc1+ 30. Kxc1 Rc8+ 31. Kd1 Bxb1 32. Qe1 Qe4 33. Qd2 Rc2 0-1

[Event "Druzynowe Mistrzostwa Polski Juniorow 2018 - II Liga"]
[Site "Szczyrk"]
[Date "1899-12-30"]
[Round "1.2"]
[White "Poltorak, Sebastian"]
[Black "Gworys, Grzegorz"]
[Result "1-0"]
[WhiteTitle "I"]
[BlackTitle "II"]
[WhiteElo "1810"]
[BlackElo "1534"]

1. d4 Nf6 2. c4 e6 3. Nc3 Bb4 4. Qc2 O-O 5. e4 d5 6. cxd5 exd5 7. e5 Ne4 8. Bd3
Bf5 9. a3 Bxc3+ 10. bxc3 Qh4 11. Be3 f6 12. g3 Qh5 13. f3 Nxg3 14. hxg3 Bxd3 15.
Rxh5 Bxc2 16. exf6 Rxf6 17. Rxd5 Nc6 18. Kd2 Bf5 19. Bg5 Rf7 20. Re1 h6 21. Bf4
g5 22. Bxc7 Raf8 23. Be5 Rd7 24. Rxd7 Bxd7 25. c4 Re8 26. f4 g4 27. c5 Be6 28.
Ne2 Rd8 29. Kc3 Rd7 30. Nc1 Kf7 31. Nd3 Rd8 32. Bd6 b6 33. Nf2 Na5 34. Ne4 Nc4
35. f5 Bd5 36. Be5 Nxa3 37. Nd6+ Kg8 38. Ra1 Rxd6 39. cxd6 Nb5+ 40. Kd3 Kf7 41.
Rc1 a5 42. Rc8 1-0

[Event "Druzynowe Mistrzostwa Polski Juniorow 2018 - II Liga"]
[Site "Szczyrk"]
[Date "1899-12-30"]
[Round "1.3"]
[White "Burdzicki, Stanislaw"]
[Black "Meers, Hubert"]
[Result "0-1"]
[WhiteTitle "II+"]
[BlackTitle "I+"]
[WhiteElo "1623"]
[BlackElo "1808"]

1. d4 Nf6 2. c4 g6 3. Nc3 Bg7 4. e4 d6 5. f3 O-O 6. Be3 Nbd7 7. Qd2 c5 8. d5 Ne5
9. Bg5 a6 10. f4 Ned7 11. Nf3 Qc7 12. Bd3 b5 13. O-O Rb8 14. Rfe1 bxc4 15. Bf1
e6 16. e5 dxe5 17. fxe5 Nxd5 18. Nxd5 exd5 19. Be7 Nxe5 20. Rxe5 Bxe5 21. Bxf8
Kxf8 22. Qxd5 Bf6 23. Qxc4 Rb4 24. Qd5 Bb7 25. Qd3 Rxb2 26. Rc1 Kg7 27. Qa3 Bxf3
28. Qxf3 Rxa2 29. Bc4 Ra1 30. Rxa1 Bxa1 31. Bxa6 c4 32. Qa3 Bd4+ 33. Kf1 c3 34.
Qa1 Qf4+ 35. Ke1 Qf2+ 36. Kd1 Qd2# 0-1

[Event "Druzynowe Mistrzostwa Polski Juniorow 2018 - II Liga"]
[Site "Szczyrk"]
[Date "1899-12-30"]
[Round "1.4"]
[White "Zabrzanska, Weronika"]
[Black "Kaliszuk, Kamil"]
[Result "0-1"]
[WhiteTitle "I++"]
[BlackTitle "II"]
[WhiteElo "1570"]
[BlackElo "1457"]

1. e4 c5 2. Nf3 e6 3. c3 Nf6 4. e5 Nd5 5. d4 cxd4 6. Qxd4 d6 7. Bb5+ Bd7 8. Bxd7+
Qxd7 9. O-O Nc6 10. Qe4 Be7 11. Rd1 O-O-O 12. b4 Qc7 13. exd6 Bxd6 14. Bd2 Ne5
15. Nd4 Nf6 16. Qe2 Qc4 17. Na3 Qxe2 18. Nxe2 Ne4 19. Be3 Ng4 20. Bxa7 Bxh2+ 21.
Kf1 Bb8 22. Bb6 Bc7 23. Bd4 e5 24. Bc5 b6 25. f3 bxc5 26. Rxd8+ Rxd8 27. fxe4
cxb4 28. cxb4 Bb6 29. Nc4 Ba7 30. a4 Kb8 31. b5 Rc8 32. b6 Rxc4 33. a5 Rxe4 34.
Nc3 Rb4 35. Nd5 Rb3 36. bxa7+ Kxa7 37. Nb6 Rb5 38. Nc4 Rc5 39. Nd6 Rc6 40. Ne4
f5 41. Nd2 e4 42. Nb3 Rc4 43. Rb1 0-1

[Event "Druzynowe Mistrzostwa Polski Juniorow 2018 - II Liga"]
[Site "Szczyrk"]
[Date "1899-12-30"]
[Round "1.5"]
[White "Orlik, Sandra"]
[Black "Leczek, Weronika"]
[Result "1-0"]
[WhiteTitle "I++"]
[BlackTitle "k"]
[WhiteElo "1683"]
[BlackElo "1832"]

1. e4 c5 2. Nf3 Nc6 3. d4 cxd4 4. Nxd4 Nf6 5. Nc3 d6 6. Be2 e5 7. Nb3 Be6 8. f4
exf4 9. Bxf4 Be7 10. O-O O-O 11. Qe1 d5 12. exd5 Qb6+ 13. Qf2 Qxf2+ 14. Kxf2 Nxd5
15. Nxd5 Bxd5 16. Rfd1 Rad8 17. Rd2 g5 18. Bc7 Rc8 19. Rxd5 Rxc7 20. c3 Re8 21.
Rad1 Bf6 22. Rf5 Kg7 23. Rd6 Re6 24. Rxe6 fxe6 25. Rf3 Ne5 26. Re3 Kf7 27. Nd4
a6 28. Rh3 Bg7 29. Rxh7 Kg6 30. Rh3 Rf7+ 31. Ke1 Kf6 32. Re3 Ke7 33. Nf3 Nxf3+
34. Bxf3 Kd6 35. Rd3+ Kc7 36. Ke2 Be5 37. h3 b6 38. Bg4 Rf6 39. Bh5 Bd6 40. Re3
Bc5 41. Rf3 Rf4 42. Rxf4 gxf4 43. Kf3 e5 44. Ke4 Kd6 45. Kf5 Be3 46. Be2 a5 47.
h4 Bc1 48. b3 Bb2 49. c4 Ke7 50. Bf3 Kf7 51. h5 Kg7 52. Kg5 Kh7 53. Be4+ Kh8 54.
h6 Kg8 55. Kf6 Kh8 56. Ke6 Kg8 57. Kd5 Ba3 58. Kc6 Bc5 59. a3 Bd4 60. b4 a4 61.
Kb5 1-0

[Event "Druzynowe Mistrzostwa Polski Juniorow 2018 - II Liga"]
[Site "Szczyrk"]
[Date "1899-12-30"]
[Round "1.6"]
[White "Slusarczyk, Milena"]
[Black "Lewkowicz, Zuzanna"]
[Result "1-0"]
[WhiteTitle "I+"]
[BlackTitle "II"]
[WhiteElo "1422"]
[BlackElo "1000"]

1. e4 e5 2. Nf3 Nc6 3. d4 exd4 4. Nxd4 Nf6 5. Nxc6 bxc6 6. e5 Qe7 7. Qe2 Nd5 8.
c4 Ba6 9. b3 d6 10. exd6 Qxe2+ 11. Bxe2 Nb4 12. Kd1 Bxd6 13. a3 Be5 14. axb4 Bxa1
15. Bf3 Rd8+ 16. Kc2 O-O 17. Bxc6 Bc8 18. Bf4 Bf5+ 19. Kc1 Rd3 20. Ba4 Rb8 21.
Re1 Bc3 22. Nxc3 Rxc3+ 23. Kd2 Rd3+ 24. Ke2 h6 25. g4 Bg6 26. Bxc7 Rxb4 27. f4
Rh3 28. f5 Bh7 29. Kf2 g6 30. Re8+ Kg7 31. Be5+ f6 32. Re7+ Kg8 33. Bxf6 Rb6 34.
Be5 gxf5 35. Rg7+ Kf8 36. Rxh7 Re6 37. Bg3 fxg4 38. Rxa7 Rh5 39. Ra8+ Kg7 40.
Re8 Rf5+ 41. Kg2 Ref6 42. Be5 Rf2+ 43. Kg3 Rf3+ 44. Kxg4 Kg6 45. Bxf6 Rxf6 46.
Kg3 h5 47. h4 Kf7 48. Re3 Rg6+ 49. Kf2 Rg4 50. Be8+ Kf6 51. Bxh5 Rxh4 52. Bf3
Kf5 53. Bd5 Rf4+ 54. Rf3 Rxf3+ 55. Kxf3 Ke5 56. b4 Kd6 57. Ke4 Kc7 58. c5 Kb8
59. b5 Ka7 60. b6+ Kb8 61. c6 Kc8 62. Be6+ Kb8 63. c7+ Kb7 64. Qc8+ Kxb6 65. Kd5
Ka7 66. Qc5+ Kb8 67. Kd6 Kb7 68. Bc8+ Ka8 69. Qc6+ Ka7 70. Qb7# 1-0

[Event "Druzynowe Mistrzostwa Polski Juniorow 2018 - II Liga"]
[Site "Szczyrk"]
[Date "1899-12-30"]
[Round "1.7"]
[White "Luczak, Filip"]
[Black "Matyszkiewicz, Wiktor"]
[Result "1-0"]
[WhiteTitle "CM"]
[BlackTitle "I"]
[WhiteElo "2044"]
[BlackElo "1771"]

1. Nf3 Nf6 2. g3 g6 3. Bg2 Bg7 4. O-O O-O 5. d4 d6 6. Re1 Nbd7 7. e4 e5 8. Nc3
Re8 9. a4 a5 10. d5 Nc5 11. Nd2 Nh5 12. Bf3 Nf6 13. Nc4 Qe7 14. Nb5 b6 15. c3
Ba6 16. Nca3 Bxb5 17. Nxb5 Rf8 18. b4 Nb7 19. Qd3 Ne8 20. Bg4 f5 21. exf5 Qf7
22. f6 Qxf6 23. Be3 Qe7 24. Qc4 Nd8 25. Ra2 Qf7 26. f4 Kh8 27. fxe5 dxe5 28. Rf2
Qe7 29. Rxf8+ Bxf8 30. Bf2 axb4 31. Rxe5 Qf7 32. Bd4 Bg7 33. Re1 Rxa4 34. Bxg7+
Kxg7 35. cxb4 Nf6 36. Be6 Qe7 37. Nxc7 Qxb4 38. Qxb4 Rxb4 39. Bh3 Re4 40. Rb1
Rc4 41. Ne6+ Nxe6 42. Bxe6 Rd4 43. Rxb6 Nxd5 44. Rb7+ Kf6 45. Bxd5 Rxd5 46. Rxh7
Rd2 47. Rh8 Ra2 48. Rf8+ Kg5 49. Rf2 Ra3 50. Kg2 Kh5 51. h4 Ra5 52. Kh3 Ra3 53.
Rf8 Kh6 54. Kg4 Ra4+ 55. Kh3 Ra3 56. Rh8+ Kg7 57. Rb8 Ra4 58. Rb5 Ra3 59. Kg4
Ra4+ 60. Kg5 Ra6 61. Rb7+ Kg8 62. Rb8+ Kg7 63. Rb7+ Kg8 64. Kh6 Kf8 65. Rb8+ Kf7
66. Rb7+ Kf8 67. Rd7 Rb6 68. g4 Ra6 69. Rd4 Rf6 70. g5 Ra6 71. Kh7 Rb6 72. Rf4+
Ke7 73. Kg7 Ke8 74. Re4+ Kd7 75. Kf7 Rd6 76. Re7+ Kd8 77. Re6 Rd4 78. Rxg6 Rxh4
79. Rd6+ Kc7 80. Rd2 1-0

[Event "Druzynowe Mistrzostwa Polski Juniorow 2018 - II Liga"]
[Site "Szczyrk"]
[Date "1899-12-30"]
[Round "1.8"]
[White "Bujalski, Mateusz"]
[Black "Grzesik, Gracjan"]
[Result "1-0"]
[WhiteTitle "I"]
[BlackTitle "I"]
[WhiteElo "1804"]
[BlackElo "1884"]

1. e4 c5 2. Nf3 d6 3. d4 cxd4 4. Nxd4 Nf6 5. Nc3 a6 6. Be2 e5 7. Nb3 Be6 8. Be3
Be7 9. Qd2 O-O 10. O-O-O Nbd7 11. f3 Qc7 12. g4 Rfc8 13. Kb1 b5 14. Rc1 b4 15.
Nd1 a5 16. Nf2 a4 17. Na1 a3 18. b3 d5 19. g5 d4 20. gxf6 dxe3 21. Qxe3 Bc5 22.
Qg5 Nxf6 23. Nd3 Bd4 24. c4 bxc3 25. Nc2 h6 26. Qg2 Qb6 27. Nxd4 exd4 28. Kc2
Rab8 29. Rb1 Qc7 30. f4 Bd7 31. Rhg1 Ne8 32. Bg4 Bxg4 33. Qxg4 Qe7 34. e5 Rc6
35. f5 Qd7 36. Qf4 Kh7 37. e6 Qd6 38. exf7 Qxf4 39. Nxf4 Nc7 40. Ng6 Rf6 41. Qf8
Rbxf8 42. Nxf8+ Rxf8 43. Rbe1 Nd5 44. Kd3 Rxf5 45. Kxd4 Nb4 46. Kxc3 Nxa2+ 47.
Kc4 Rf4+ 48. Kc5 Rf5+ 49. Kb6 Rf3 50. Re7 Rxb3+ 51. Kc5 h5 52. Rexg7+ Kh8 53.
Rg8+ Kh7 54. R1g7+ Kh6 55. Rg2 Kh7 56. R8g7+ Kh8 57. R7g5 Rc3+ 58. Kd4 Rh3 59.
Rxa2 1-0

[Event "Druzynowe Mistrzostwa Polski Juniorow 2018 - II Liga"]
[Site "Szczyrk"]
[Date "1899-12-30"]
[Round "1.9"]
[White "Majewski, Krzysztof"]
[Black "Pancewicz, Szymon"]
[Result "1/2-1/2"]
[WhiteTitle "II+"]
[BlackTitle "II"]
[WhiteElo "1695"]
[BlackElo "1465"]

1. e4 c5 2. c4 Nc6 3. Nc3 g6 4. g3 Bg7 5. Bg2 d6 6. Nge2 e6 7. O-O Nge7 8. d3 O-O
9. f4 Rb8 10. Be3 Nd4 11. Rb1 Nec6 12. a3 b5 13. Bxd4 Nxd4 14. Nxb5 Nxb5 15. cxb5
Rxb5 16. Nc3 Rb8 17. Kh1 Qa5 18. Qc2 Ba6 19. Rfc1 Rfc8 20. Bf1 c4 21. dxc4 Bxc4
22. Bxc4 Rxc4 23. Qd3 Rbc8 24. Rc2 Bxc3 25. Rbc1 Rd4 26. Qe3 Rcc4 27. Rxc3 Rxe4
28. Qd3 Rcd4 29. Qf3 Qb5 30. R1c2 Re1+ 31. Kg2 Rde4 32. Rf2 d5 33. Rc8+ Kg7 34.
Rcc2 R4e3 35. Qg4 d4 36. f5 Qd5+ 37. Kh3 exf5 38. Qf4 Qe5 39. Qxe5+ Rxe5 40. Rcd2
R5e4 41. b4 Ra1 42. Rd3 Kf6 43. Rc2 Re3 44. Rxd4 Raxa3 45. Rc7 Re7 46. Rd6+ Re6
47. Rdd7 Ke5 48. Rxf7 h5 49. Rxa7 Rxa7 50. Rxa7 Rb6 51. Ra5+ Ke6 52. b5 Ke5 53.
Ra6 1/2-1/2

[Event "Druzynowe Mistrzostwa Polski Juniorow 2018 - II Liga"]
[Site "Szczyrk"]
[Date "1899-12-30"]
[Round "1.10"]
[White "Kycia, Marek"]
[Black "Wolaniecki, Patryk"]
[Result "0-1"]
[WhiteTitle "II+"]
[BlackTitle "I"]
[WhiteElo "1388"]
[BlackElo "1713"]

1. e4 c5 2. Nc3 e6 3. f4 Nf6 4. Nf3 d5 5. Bb5+ Nc6 6. Bxc6+ bxc6 7. e5 Nd7 8. O-O
Be7 9. Qe1 O-O 10. Qg3 f5 11. Kh1 Re8 12. d4 Ba6 13. Rg1 Nf8 14. Be3 cxd4 15.
Bxd4 c5 16. Bf2 Rb8 17. b3 Ng6 18. h4 Rb4 19. h5 Nxf4 20. a3 Ne2 21. Nxe2 Rg4
22. Qh3 Bxe2 23. Rae1 Bxf3 24. gxf3 Rxg1+ 25. Rxg1 Qa5 26. h6 g6 27. Qh5 Kf7 28.
Qh3 Qd2 29. Rg2 Qf4 30. Kg1 Qxe5 31. Bh4 Qe3+ 32. Bf2 Qc1+ 0-1

[Event "Druzynowe Mistrzostwa Polski Juniorow 2018 - II Liga"]
[Site "Szczyrk"]
[Date "1899-12-30"]
[Round "1.11"]
[White "Trembowiecka-wysota, Aleksandra"]
[Black "Tkaczyk, Weronika"]
[Result "1-0"]
[WhiteTitle "I"]
[BlackTitle "I++"]
[WhiteElo "1555"]
[BlackElo "1502"]

1. e4 e5 2. Nf3 Nc6 3. Bb5 a6 4. Ba4 Nf6 5. O-O b5 6. Bb3 Be7 7. Re1 O-O 8. c3
d5 9. exd5 Nxd5 10. Nxe5 Nxe5 11. Rxe5 c6 12. Bxd5 cxd5 13. d4 Bd6 14. Re1 Qh4
15. g3 Qh3 16. Qf3 Be6 17. Qg2 Qh5 18. h4 Rae8 19. Be3 Bg4 20. Nd2 Bd7 21. f3
Re6 22. Bf2 Rg6 23. Kh1 f5 24. Qh3 Rh6 25. f4 Qf7 26. Nf3 Bc8 27. Re3 Be7 28.
Ne5 Qh5 29. Qg2 Rd6 30. Qf3 Qh6 31. Nd3 Bd8 32. Kg2 Qg6 33. Kh2 Qh6 34. Kg2 Qg6
35. Kf1 Qf7 36. Rae1 Bf6 37. Ne5 Qc7 38. Nd3 Qf7 39. Qe2 Rdd8 40. Nc5 Kh8 41.
a4 bxa4 42. Ne6 Bxe6 43. Rxe6 a5 44. Qb5 Qd7 45. Qxa5 Rb8 46. Qc5 Rfc8 47. Qd6
Qb5+ 48. Kg1 Qxb2 49. Rxf6 Qxc3 50. Rfe6 a3 51. Qxb8 Qxe1+ 52. Bxe1 Rxb8 53. Ra6
Kg8 54. Rxa3 Rd8 55. Ra7 Rd6 56. Kf2 Rd8 57. Re7 Kf8 58. Bb4 Kg8 59. Re5 g6 60.
Be7 Rd7 61. Ke3 Rb7 62. Kd2 Rb5 63. Bc5 Rb3 64. Re3 Rb8 65. Kc2 Rd8 66. h5 Kg7
67. Re5 Kh6 68. hxg6 hxg6 69. Be7 Rd7 70. Kc3 Kh5 71. Kb4 Kg4 72. Bh4 1-0

[Event "Druzynowe Mistrzostwa Polski Juniorow 2018 - II Liga"]
[Site "Szczyrk"]
[Date "1899-12-30"]
[Round "1.12"]
[White "Wolszczak, Natalia"]
[Black "Bienko, Jagoda"]
[Result "0-1"]
[WhiteTitle "II+"]
[BlackTitle "I"]
[WhiteElo "1079"]
[BlackElo "1436"]

1. e4 c5 2. Nf3 d6 3. d4 cxd4 4. Nxd4 Nf6 5. Nc3 a6 6. a4 e5 7. Nf3 Be6 8. Bg5
Be7 9. Be2 Nbd7 10. O-O O-O 11. Nd2 d5 12. exd5 Nxd5 13. Bxe7 Qxe7 14. Nxd5 Bxd5
15. Nc4 Nf6 16. Nb6 Bc6 17. Nxa8 Rxa8 18. Qd2 Nd5 19. Bf3 e4 20. Rfe1 f5 21. Be2
Qc5 22. b3 e3 23. fxe3 Nxe3 24. Bc4+ Nxc4+ 25. Qf2 Qxf2+ 26. Kxf2 Nd6 27. Re7
Kf8 28. Re5 Ne4+ 29. Ke3 g6 30. g3 Rd8 31. Re1 Nf6 32. Kf4 Be4 33. Re2 h6 34.
h4 Nd5+ 35. Rxd5 Rxd5 36. Ke3 Kf7 37. Rf2 Ke6 38. Kf4 Rd4 39. Ke3 Rd1 40. Re2
Ke5 41. Rf2 Rc1 42. c4 Rc3+ 43. Ke2 Rc2+ 44. Ke3 Rxf2 45. Kxf2 Bc2 46. b4 Kd4
47. c5 Bxa4 48. Ke2 Bc6 49. Kd2 Kc4 50. Ke3 Kxb4 51. Kd4 a5 52. Kd3 Be4+ 53. Kd2
a4 54. Kc1 a3 55. c6 bxc6 56. h5 gxh5 57. Kd2 a2 58. Ke1 0-1

[Event "Druzynowe Mistrzostwa Polski Juniorow 2018 - II Liga"]
[Site "Szczyrk"]
[Date "1899-12-30"]
[Round "1.13"]
[White "Kulesza, Andrzej"]
[Black "Lis, Mateusz"]
[Result "1/2-1/2"]
[WhiteTitle "I"]
[BlackTitle "k"]
[WhiteElo "1918"]
[BlackElo "2102"]

1. e4 c5 2. Nf3 e6 3. d4 cxd4 4. Nxd4 Nc6 5. Nc3 Qc7 6. Be2 a6 7. O-O Nf6 8. Be3
Be7 9. Kh1 b5 10. Nxc6 dxc6 11. Bf3 e5 12. Ne2 Be6 13. c3 O-O 14. Qc2 Nd7 15.
Ng3 g6 16. Bh6 Rfe8 17. b3 a5 18. c4 bxc4 19. bxc4 Nc5 20. Be3 h5 21. Ne2 Reb8
22. Rab1 Rb4 23. Rxb4 axb4 24. Nc1 Na4 25. Bd2 c5 26. Be2 Bd6 27. Nb3 Qc6 28.
Ra1 Nb6 29. Bc1 h4 30. h3 Na4 31. Bd2 Nb6 32. Bc1 Ra4 33. Bg5 Qa8 34. Bxh4 Qa6
35. Qd2 Nxc4 36. Bxc4 Bxc4 37. Bf6 Bf8 38. Nxc5 Bxc5 39. Qd8+ Bf8 40. Be7 Qa8
41. Rd1 Bxa2 42. Bxf8 Qxd8 43. Rxd8 b3 44. Bd6+ Kg7 45. Bxe5+ f6 46. Rd7+ Kf8
47. Bxf6 Rxe4 48. Rb7 Rf4 49. Be7+ Ke8 50. Bc5 Rc4 51. Ba3 Rc3 52. Kh2 Bb1 53.
Bb2 Rd3 54. Rb6 Rd2 55. Rxb3 Rxf2 56. Bd4 Rf1 57. Kg3 Rd1 1/2-1/2

[Event "Druzynowe Mistrzostwa Polski Juniorow 2018 - II Liga"]
[Site "Szczyrk"]
[Date "1899-12-30"]
[Round "1.14"]
[White "Bachor, Tomasz"]
[Black "Urbanski, Wojciech"]
[Result "1-0"]
[WhiteTitle "I"]
[BlackTitle "II"]
[WhiteElo "1844"]
[BlackElo "1560"]

1. e4 c5 2. Nf3 d6 3. d4 cxd4 4. Nxd4 Nf6 5. Nc3 a6 6. g3 e5 7. Nb3 Be6 8. Bg2
Be7 9. O-O O-O 10. a4 a5 11. Re1 Nbd7 12. Nb5 Nb6 13. Bg5 Nc4 14. Rb1 h6 15. Bxf6
Bxf6 16. Qd3 Be7 17. Nd2 Nxd2 18. Qxd2 Bc4 19. Na3 Ba2 20. Rbd1 Be6 21. Nb5 Qb6
22. b3 Rfd8 23. Qe3 Qc6 24. c4 b6 25. Rd3 Qc5 26. Qe2 Bd7 27. Nc3 Bc6 28. Red1
Rd7 29. Nd5 Bxd5 30. Rxd5 Qc7 31. Kh1 Rdd8 32. f4 f6 33. Bh3 g6 34. Be6+ Kh7 35.
f5 Bf8 36. fxg6+ Kh8 37. Qh5 Qg7 38. g4 Ra7 39. h4 Be7 40. Rg1 Rc7 41. g5 fxg5
42. hxg5 Bf8 43. Rd3 Re7 44. Bd5 b5 45. Rh3 bxc4 46. gxh6 1-0

[Event "Druzynowe Mistrzostwa Polski Juniorow 2018 - II Liga"]
[Site "Szczyrk"]
[Date "1899-12-30"]
[Round "1.15"]
[White "Paprocki, Antoni"]
[Black "Karwacki, Piotr"]
[Result "0-1"]
[WhiteTitle "I"]
[BlackTitle "I"]
[WhiteElo "1792"]
[BlackElo "1828"]

1. e4 c5 2. Nf3 d6 3. d4 cxd4 4. Nxd4 Nf6 5. Nc3 a6 6. h3 e5 7. Nde2 b5 8. Bg5
Be7 9. Bxf6 Bxf6 10. Nd5 Bb7 11. Nec3 Nd7 12. Qd3 Nc5 13. Qe2 Ne6 14. Nxf6+ Qxf6
15. Nxb5 Nf4 16. Qg4 axb5 17. Bxb5+ Kf8 18. g3 Bxe4 19. Rh2 h5 20. Qd7 Ng2+ 21.
Kf1 Ne3+ 22. Kg1 Nxc2 23. Rc1 Rd8 24. Qc7 Nd4 25. Qa7 Nxb5 26. Qe3 Qh6 27. Qxh6
Rxh6 28. f4 exf4 29. gxf4 Nd4 30. Rf2 Re8 31. f5 Bxf5 32. Rcf1 Rf6 33. Kh2 Re3
34. Rg2 Rxh3+ 35. Kg1 Nf3+ 36. Kf2 Nh4 37. Rg5 Bd3+ 38. Ke1 Rxf1+ 39. Kd2 Nf3+
40. Kc3 Nxg5 41. a4 Rf4 42. b3 Bb5+ 43. Kb2 Bxa4 44. Ka3 Rxb3+ 45. Ka2 Rf2+ 46.
Ka1 Rh3 47. Kb1 Rh1# 0-1

[Event "Druzynowe Mistrzostwa Polski Juniorow 2018 - II Liga"]
[Site "Szczyrk"]
[Date "1899-12-30"]
[Round "1.16"]
[White "Furgal, Grzegorz"]
[Black "Jakubiec, Maurycy"]
[Result "1-0"]
[WhiteTitle "II"]
[BlackTitle "IV"]
[WhiteElo "1409"]
[BlackElo "1000"]

1. e4 c5 2. Nf3 d6 3. Bb5+ Nd7 4. O-O a6 5. Bd3 g6 6. c3 Bg7 7. Bc2 b5 8. d4 Qc7
9. a3 e6 10. Be3 Bb7 11. Re1 O-O-O 12. Nbd2 Ngf6 13. Rc1 Rhe8 14. Bb1 h6 15. c4
bxc4 16. Rxc4 Kb8 17. dxc5 d5 18. exd5 Nxd5 19. Qb3 Qc6 20. Ne4 N7f6 21. Nd6 Re7
22. Ne5 Qc7 23. Nxb7 Qxb7 24. Nc6+ Kc8 25. Qxb7+ Rxb7 26. Nxd8 Kxd8 27. b4 Kc7
28. Bd4 g5 29. c6 Rb5 30. Be5+ Kc8 31. c7 Ne8 32. Bxg7 Nxg7 33. Be4 Nxc7 34. Rec1
Ne8 35. Bc6 Kd8 36. Bxb5 1-0

[Event "Druzynowe Mistrzostwa Polski Juniorow 2018 - II Liga"]
[Site "Szczyrk"]
[Date "1899-12-30"]
[Round "1.17"]
[White "Mysliwiec, Natalia"]
[Black "Cebula, Alicja"]
[Result "1-0"]
[WhiteTitle "I"]
[BlackTitle "I"]
[WhiteElo "1377"]
[BlackElo "1583"]

1. d4 Nf6 2. Bf4 g6 3. Nf3 Bg7 4. e3 O-O 5. Be2 d6 6. O-O Nbd7 7. Nbd2 Qe8 8. h3
e5 9. dxe5 dxe5 10. Bh2 Qe7 11. Nc4 e4 12. Nd4 Nc5 13. c3 Ne6 14. Qc2 Re8 15.
Rfd1 a6 16. a4 h5 17. Qb3 Ng5 18. Bf4 Nfh7 19. Nc2 Nxh3+ 20. gxh3 Bxh3 21. Qb4
Qh4 22. Bg3 Qg5 23. Kh2 Bg4 24. Bxg4 Qxg4 25. Ne1 Ng5 26. Nd2 h4 27. Bf4 Nh3 28.
f3 exf3 29. Nexf3 Bf8 30. Qc4 Nf2 31. Rf1 Bd6 32. Rxf2 Rxe3 33. Bxd6 Re4 34. Qxe4
Qxe4 35. Nxe4 cxd6 36. Nxd6 1-0

[Event "Druzynowe Mistrzostwa Polski Juniorow 2018 - II Liga"]
[Site "Szczyrk"]
[Date "1899-12-30"]
[Round "1.18"]
[White "Mroz, Lena"]
[Black "Pudelko, Magdalena"]
[Result "1-0"]
[WhiteTitle "I++"]
[BlackTitle "I"]
[WhiteElo "1566"]
[BlackElo "1358"]

1. e4 c5 2. Nf3 d6 3. d4 cxd4 4. Nxd4 Nf6 5. Nc3 a6 6. f4 Qc7 7. Be2 e6 8. O-O
Be7 9. Kh1 O-O 10. Nf3 b5 11. a3 Bb7 12. Bd3 Nbd7 13. Qe1 Nc5 14. b4 Nxd3 15.
cxd3 Rfe8 16. Bb2 d5 17. e5 Nd7 18. Rc1 Qb6 19. Qe2 a5 20. bxa5 Rxa5 21. Ra1 Qa6
22. Nd4 Bxa3 23. Nb3 Bb4 24. Rxa5 Bxa5 25. Ra1 Ra8 26. Nxa5 Qb6 27. Nxb7 Rxa1+
28. Bxa1 Qxb7 29. Qb2 Nc5 30. Qxb5 Qxb5 31. Nxb5 Nxd3 32. g3 Kf8 33. Bd4 Ke7 34.
Kg2 Nb4 35. Bc5+ Ke8 36. Bxb4 Kd7 37. Bf8 g6 38. Nd6 d4 39. Kf2 d3 40. Ke3 d2
41. Kxd2 h5 42. Nxf7 Ke8 43. Ng5 Kxf8 44. Nxe6+ Ke7 45. Ng5 Ke8 46. Kd3 Ke7 47.
Kd4 Ke8 48. Kd5 Kd7 49. e6+ Ke7 50. Ke5 Ke8 51. Kf6 Kf8 52. e7+ Ke8 53. Ne4 h4
54. Nd6+ Kd7 55. Qe8+ Kc7 56. Nc4 Kb7 57. Qe6 Kc7 58. Qd6+ Kb7 59. Qb6+ Ka8 60.
Nd6 hxg3 61. Qb7# 1-0

[Event "Druzynowe Mistrzostwa Polski Juniorow 2018 - II Liga"]
[Site "Szczyrk"]
[Date "1899-12-30"]
[Round "1.19"]
[White "Pniaczek, Marek"]
[Black "Twardowski, Hubert"]
[Result "1-0"]
[WhiteTitle "CM"]
[BlackTitle "I"]
[WhiteElo "2082"]
[BlackElo "1728"]

1. e4 e5 2. Nf3 Nc6 3. Bb5 a6 4. Ba4 Nf6 5. d4 exd4 6. O-O Be7 7. Re1 O-O 8. e5
Nd5 9. Bb3 Nb6 10. Nxd4 Nxd4 11. Qxd4 d5 12. exd6 Bxd6 13. Bf4 Bd7 14. Bxd6 cxd6
15. Qxd6 Bc6 16. Qg3 Qf6 17. Nc3 Rfe8 18. Rad1 Rad8 19. Rxd8 Qxd8 20. Rxe8+ Qxe8
21. h3 h6 22. Kh2 Qe7 23. Qb8+ Kh7 24. Qf4 Kg8 25. a4 a5 26. Qf5 Nd7 27. f4 Nc5
28. Bc4 b6 29. Qc8+ Qe8 30. Qc7 Ne4 31. Nxe4 Bxe4 32. c3 Kh7 33. Qxf7 Qc8 34.
Be6 Qd8 35. b4 axb4 36. cxb4 Qd3 37. Qg8+ Kg6 38. Qe8+ 1-0

[Event "Druzynowe Mistrzostwa Polski Juniorow 2018 - II Liga"]
[Site "Szczyrk"]
[Date "1899-12-30"]
[Round "1.20"]
[White "Sulima, Franciszek"]
[Black "Musial, Tomasz"]
[Result "0-1"]
[WhiteTitle "II"]
[BlackTitle "k"]
[WhiteElo "1281"]
[BlackElo "2029"]

1. e4 e6 2. d4 d5 3. e5 c5 4. c3 Nc6 5. Nf3 Bd7 6. Be2 Nge7 7. O-O cxd4 8. cxd4
Nf5 9. Nc3 Be7 10. b3 h5 11. Qd2 Rc8 12. Bb2 g5 13. Nd1 g4 14. Ne1 Bg5 15. Ne3
Nce7 16. Bd3 Qb6 17. N1c2 Bb5 18. Rfd1 Bxd3 19. Qxd3 O-O 20. Ba3 Rfe8 21. Nxf5
Nxf5 22. Ne3 Nxe3 23. fxe3 Qa6 24. Qxa6 Bxe3+ 25. Kf1 bxa6 26. Bc5 Rc7 27. Rd3
Bg5 28. Re1 Be7 29. Rc1 Bxc5 30. dxc5 Rb8 31. Kf2 Kf8 32. Kg3 Rb4 33. Re3 Ke7
34. Kh4 Rc8 35. a3 Rd4 36. Rc2 Rg8 37. Kxh5 Rf4 38. Kh4 g3+ 39. Kh3 Rf5 40. Kh4
gxh2 41. Rh3 0-1

[Event "Druzynowe Mistrzostwa Polski Juniorow 2018 - II Liga"]
[Site "Szczyrk"]
[Date "1899-12-30"]
[Round "1.21"]
[White "Wilk, Igor"]
[Black "Trzebinski, Patryk"]
[Result "1-0"]
[WhiteTitle "I"]
[BlackTitle "I"]
[WhiteElo "1560"]
[BlackElo "1779"]

1. e4 d5 2. exd5 Nf6 3. d4 Nxd5 4. c4 Nb6 5. Nf3 Bg4 6. Be2 e6 7. Nc3 Nc6 8. Be3
Bxf3 9. Bxf3 Nxc4 10. Bxc6+ bxc6 11. Qa4 Nb6 12. Qxc6+ Qd7 13. Qxd7+ Kxd7 14.
Ke2 Bb4 15. Rac1 c6 16. Ne4 Bd6 17. Nxd6 Kxd6 18. Rc5 Nd5 19. Rhc1 Rhc8 20. a3
f5 21. g3 h6 22. b4 a6 23. Bd2 g5 24. a4 Ne7 25. h4 gxh4 26. Bxh6 hxg3 27. Bf4+
Kd7 28. Bxg3 Nd5 29. Be5 Nxb4 30. a5 Nd5 31. Rb1 Ra7 32. Bb8 Ra8 33. Be5 Nc7 34.
Bxc7 Kxc7 35. Rb6 Kd6 36. Kd3 Rab8 37. Rxa6 Rb3+ 38. Rc3 Rxc3+ 39. Kxc3 Rh8 40.
Rb6 Kc7 41. Rb2 Rh3+ 42. Kc4 Ra3 43. Kb4 Ra1 44. Re2 Kd6 45. Re3 Ra2 46. f3 Kd5
47. Ra3 Rb2+ 48. Rb3 Rh2 49. a6 Rh8 50. Kc3 Ra8 51. Ra3 Ra7 52. Ra5+ Kd6 53. Kc4
f4 54. Ra3 Kd7 55. Kc5 Kc7 56. Ra2 Ra8 57. a7 Kb7 58. Ra3 Kc7 59. Ra2 Kb7 60.
Kd6 Rd8+ 61. Ke7 Rh8 62. Kxe6 Ka8 63. Ke5 Rf8 64. Ra6 Rc8 65. Kxf4 c5 66. dxc5
Rxc5 67. Ke4 Rb5 68. f4 Rc5 69. f5 Rb5 70. f6 Rb1 71. Ke5 Re1+ 72. Kd6 Rd1+ 73.
Ke7 Re1+ 74. Kf8 Rg1 75. f7 Rc1 76. Kg7 Rc7 77. Kg8 Rxa7 78. Qf8+ Kb7 79. Rxa7+
Kxa7 80. Qb4 Ka8 81. Kf7 Ka7 82. Ke7 Ka8 83. Kd7 Ka7 84. Kc6 Ka6 85. Qa3# 1-0

[Event "Druzynowe Mistrzostwa Polski Juniorow 2018 - II Liga"]
[Site "Szczyrk"]
[Date "1899-12-30"]
[Round "1.22"]
[White "Dembicki, Karol"]
[Black "Bartoszczuk, Adam"]
[Result "0-1"]
[WhiteTitle "II"]
[BlackTitle "II+"]
[WhiteElo "1457"]
[BlackElo "1249"]

1. e4 c5 2. Nf3 e6 3. d4 cxd4 4. Qxd4 Nc6 5. Qd1 Qc7 6. Nc3 a6 7. Be3 Nf6 8. Bd3
Be7 9. Qd2 O-O 10. Bf4 d6 11. O-O-O b5 12. Rdg1 b4 13. Na4 Bd7 14. b3 Ne5 15.
Bxe5 dxe5 16. Nb2 a5 17. Re1 a4 18. Bc4 Bc6 19. Re3 Nxe4 20. Qe1 Nxf2 21. Qxf2
Bc5 22. Rhe1 Bxe3+ 23. Qxe3 axb3 24. Bxb3 e4 25. Nd4 Bd5 26. Bxd5 exd5 27. Qb3
Qc5 28. Rd1 Ra3 29. Na4 Qa5 30. Nc6 Qxa4 31. Qxd5 Rc3 32. Ne7+ Kh8 33. Rd2 e3
34. Re2 Qa3+ 35. Kd1 Qb2 0-1